Statistics for Songs in The Sound of Music

Click here to take the quiz!

General Stats

  • This quiz has been taken 70 times
    (65 since last reset)
  • The average score is 9 of 12

Answer Stats

CharacterSong% Correct
The Captain and LieslEdelweiss
88%
NunsMaria
88%
MariaThe Sound of Music
88%
The Children and the CaptainThe Sound of Music
88%
Maria and the ChildrenDo-Re-Mi
86%
Mother AbbessClimb Ev'ry Mountain
81%
Rolfe and LieslSixteen Going on Seventeen
81%
The ChildrenSo Long, Farewell
78%
MariaMy Favorite Things
71%
MariaI Have Confidence
64%
Maria and the ChildrenThe Lonely Goatherd
60%
Maria and the CaptainSomething Good
53%

Score Distribution

Percentile by Number Answered

Percent of People with Each Score

Your Score History

You have not taken this quiz since the last reset